Evaluación institucional

में बचाया:
ग्रंथसूची विवरण
स्वरूप: पुस्तक
भाषा:स्पेनिश
प्रकाशित: Medellín Secretaría de Educación y Cultura de Antioquía 1984
विषय:
टैग: टैग जोड़ें
कोई टैग नहीं, इस रिकॉर्ड को टैग करने वाले पहले व्यक्ति बनें!

MARC

LEADER 00000nam a2200000 a 4500
001 UCW6364
003 CL-VaPUC
008 911128e19840000CK |||||||||||||||||spa|d
082 0 4 |a 379.15  |b EVA  |2 21 
245 1 0 |a Evaluación institucional 
300 |a 123 p 
942 |c BK 
945 |d 19911128 00:00:00 
260 |a Medellín  |b Secretaría de Educación y Cultura de Antioquía  |c 1984 
650 0 |a Evaluación de la educación   |9 237505 
583 |a last modification  |c 19911128 00:00:00  |k Rodrigo Vera 
999 |c 219447  |d 219445 
952 |0 0  |1 0  |4 0  |6 379_150000000000000_EVA_1984  |7 0  |8 P  |9 210383  |a BIBEDU  |b BIBEDU  |c BIBEDU_PB  |d 2019-11-15  |i 2785005  |o 379.15 EVA 1984  |p 2785005  |r 2024-01-25  |w 2019-11-15  |y BK  |k EDU